000 002940000a22000970004500
100 1 _aSutherland, Denis
245 1 0 _aThe interface between theology and historical geography
300 _aVol. 11, Num. 1 (1993), Páginas 17-30
773 0 _tScottish Bulletin of Evangelical Theology
942 _cANA
999 _c55701
_d55701